MARC

LEADER 00000nas1a2200000 4500
001 400246
005 20231101065351.0
011 |a 0024-449X 
035 |a (RuTPU)RU\TPU\prd\42394 
035 |a RU\TPU\prd\237 
090 |a 400246 
100 |a 20060404a19309999k y0rusy50 ca 
101 0 |a rus 
102 |a RU 
110 |a afaz|||0uu0 
200 1 |a Литейное производство  |e международный научно-технический журнал  |f Российская ассоциация литейщиков 
210 |a Москва  |c Литейное производство  |d 1951-1996, 2006- 
305 |a Издается с 1930 г. 
326 |a 12 номеров в год 
430 1 |0 (RuTPU)RU\TPU\prd\15  |t Литейное дело  |o научно-технический производственный журнал  |f Всесоюзное научное инженерно-техническое общество литейщиков  |c М.  |n Машгиз  |d 1933-1941 
469 |0 (RuTPU)RU\TPU\subscr\2763 
610 1 |a литейное производство 
610 1 |a литейные сплавы 
610 1 |a литье 
610 1 |a отливки 
610 1 |a литейные процессы 
675 |a 621.74  |v 3 
712 0 2 |a Российская ассоциация литейщиков  |4 570 
801 0 |a RU  |b 63413507  |c 20011210  |g PSBO 
801 2 |a RU  |b 63413507  |c 20150220  |g PSBO 
856 4 |u http://www.foundrymag.ru/ 
856 4 |u http://elibrary.ru/title_about.asp?id=7869 
942 |c CR 
969 |0 001RU\TPU\subscr\2763